"Mexico" in All Featured Languages - Statistics

General Stats
  • This quiz has been taken 41 times
  • The average score is 6 of 9
Answer Stats
Language Name % Correct
English Mexico
100%
Spanish Mexico
97%
Portuguese Mexico
81%
French Mexique
72%
Dutch Mexico
61%
German Mexiko
58%
Finnish Meksiko
39%
Italian Messico
39%
Polish Meksyk
31%
No matching quizzes found
Score Distribution
Percent of People with Each Score
Percentile by Number Answered
Your Score History
You have not taken this quiz